| 000 | 00721nam a22002417a 4500 | ||
|---|---|---|---|
| 003 | UPN | ||
| 005 | 20250410125532.0 | ||
| 008 | 250403s2001 sp| |||frz||| 001 e spa d | ||
| 020 | _a9788449327001 | ||
| 040 |
_aMX-MxUPN _bspa _cMX-MxUPN |
||
| 050 |
_aBF697 S46 B73 _b2001 |
||
| 100 | 1 |
_aBranden, Nathaniel, _d1930-2014 _935025 |
|
| 245 | _aLa psicología de la autoestima | ||
| 246 | _b1a. edición, | ||
| 260 |
_aBarcelona : _bPaidós, _c2012 |
||
| 300 | _a376 páginas | ||
| 500 | _aSustitución Gerardo Ramos | ||
| 650 | 4 |
_aAutoestima _92906 |
|
| 650 | 4 |
_aPsicoterapia _98720 |
|
| 700 |
_aMenezo García, Daniel _956362 |
||
| 902 |
_aMarisolLicea/03042025 _bMaiella Martínez / 10042025 |
||
| 942 |
_2lcc _cLIBRO _n0 |
||
| 999 |
_c213045 _d213045 |
||